Statistiques concernant The Great Review

Cliquez ici pour prendre le quiz!

Statistiques générales

  • Ce quiz a été pris 5 fois
  • Le résultat moyen est 149 sur 293

Statistiques - réponses

personnageréponses% Correct
a
100%
à
100%
75%
la
75%
le
75%
t
75%
100%
50%
ABNH
50%
affaire
50%
all
50%
années
50%
après
50%
après-midi
50%
au
50%
avoir
50%
bel
50%
bien
50%
bloodborne
50%
boss
50%
bosses
50%
catégorie
50%
ce
50%
c'est
50%
challenge
50%
clair
50%
commencer
50%
communauté
50%
connait
50%
consiste
50%
conteste
50%
dark
50%
dark souls 2
50%
dark souls 3
50%
de
50%
débute
50%
découragement
50%
défi
50%
demande
50%
d'entre
50%
des
50%
d'expérience
50%
dlc
50%
du
50%
en
50%
encore
50%
en pvp
50%
est
50%
et
50%
été
50%
être
50%
eux
50%
évaluer
50%
faire
50%
faut
50%
fromsoftware
50%
fuse
50%
garde
50%
histoire
50%
hit
50%
il
50%
immédiatement
50%
impossible
50%
inclus
50%
jamais
50%
jeu
50%
jeux
50%
jour
50%
juste
50%
l'envahisseur
50%
les
50%
l'idiot
50%
lorsqu'il
50%
lui
50%
l'un
50%
mais
50%
manque
50%
meilleurs
50%
milliers
50%
mise
50%
monde
50%
mourir
50%
n'est
50%
n'étant
50%
ni
50%
no
50%
nous
50%
n'y
50%
on
50%
ont
50%
optionnels
50%
otzdarva
50%
par
50%
parle
50%
parmi
50%
particulièrement
50%
pas
50%
passe
50%
plus
50%
plusieurs
50%
populaires
50%
pour
50%
pourtant
50%
première
50%
presque
50%
prestigieuse
50%
printemps
50%
probablement
50%
profil
50%
quand
50%
que
50%
qu'elle
50%
qui
50%
racontons
50%
regardaient
50%
réponse
50%
résiste
50%
réussi
50%
réussis
50%
run
50%
runner
50%
sa
50%
sans
50%
se
50%
série
50%
ses
50%
seulement
50%
son
50%
sont
50%
sortie
50%
souls
50%
squilla
50%
squillakilla
50%
stream
50%
the great reviewsur
50%
sûr
50%
talent
50%
tchat
50%
temps
50%
tentative
50%
touché
50%
toucher
50%
toujours
50%
tous
50%
tout
50%
trouve
50%
un
50%
une
50%
viewer
50%
voit
50%
vraiment
50%
youtubeur
50%
25
25%
35
25%
41
25%
arriver
25%
avec
25%
comparaison
25%
comptent
25%
demon souls
25%
designer
25%
difficiles
25%
ensemble
25%
exemple
25%
jusqu'à
25%
niveaux
25%
noir
25%
ravin
25%
tâche
25%
traverser
25%
zones
25%
étend
0%

Distribution des résultats

Percentile par nombre de réponses

% des personnes avec chaque résultat

Votre développement - résultats

Vous n’avez pas pris ce quiz